000 00450nam a2200169 i 4500
001 67223
003 ES-MaACL
005 20230906170015.0
007 t|
008 040512s1992 mx ||||1| spa d
080 _a821.134.2(72)-5"19"
100 1 _aNaime, Alexander N.
_984863
245 1 0 _a1492 /
_cAlexander Naime Libien.
260 _aToluca, México :
_b[s.n.],
_c1992.
300 _a22 p. ;
_c21 cm.
852 _aES-MaACL
_j2178-F-9
_bR.121658
999 _c67223
_d67223